01060cam a22002891 45000010008000000030004000080050017000120080041000290100017000700350019000870400029001060420012001350430012001470820016001591000048001752450036002232600057002593000027003165000161003435000020005045040032005246510047005569060045006039420012006489990015006609520095006759810154OSt20230703145512.0781107s1957 njuc b 001 0 eng  a 57002773  a(OCoLC)4352298 aDLCcMnStclSdOCoLCdDLC apremarc aa-ii--- a342.54bMEN1 aMenon, V. P.q(Vapal Pangunni),d1894-1966.14aThe transfer of power in India. aPrinceton, N.J.,bPrinceton University Press,c1957. a543 p.bports.c25 cm. a"Appendix XII [facsimile] Congress comments on the draft Independence bill, with Nehru's corrections and signature": 9 p. inserted between p. 532 and [533]. aIncludes index. aBibliography: p. [533]-534. 0aIndiaxPolitics and governmenty1919-1947. a7bcbccoclcrplduencipf19gy-gencatlg 2ddccBK c3334d3334 00102ddc4070a002b002d2023-07-03l0o342.54 MENp10000574r2023-07-03w2023-07-03yBK